000 00515nam a22001697a 4500
001 45667
003 BD-DhUET
008 250802b xxu||||| |||| 00| 0 eng d
040 _c0
_dBD-DhUET
100 _aFuad Abdullah Hadi, Sheikh
245 _aLow-barrier magnet based spin hall nano oscillators for GHz frequency generation
260 _aDhaka
_bDepartment of Electrical and Electronic Engineering, BUET
_c2026
300 _axiv, 68 p.
501 _aOne CD-ROM
504 _aIncludes bibliographies
942 _cTH
999 _c45667
_d45667